Normal view
MARC view
- R赤enbusch, Torsten
Entry Personal Name
001 - CONTROL NUMBER
- control field: 97518
003 - CONTROL NUMBER IDENTIFIER
- control field: NUST
005 - DATE AND TIME OF LATEST TRANSACTION
- control field: 20220816191611.0
008 - FIXED-LENGTH DATA ELEMENTS
- fixed length control field: 220816|| aca||aabn | a|a d
040 ## - CATALOGING SOURCE
- Original cataloging agency: NUST
- Transcribing agency: NUST
100 ## - HEADING--PERSONAL NAME
- Personal name: R赤enbusch, Torsten
670 ## - SOURCE DATA FOUND
- Source citation: Work cat.: (NUST)175709: Kreher, Ralf. 97515, UMTS signalling :, 2005.
